000 00702nam a2200253Ia 4500
001 9135
005 20240113234151.0
007 ta
008 050723s1893 a g b000 u eng u
040 _aCotton College,Assam
041 _aeng
082 _a821.8109
_bT 137 S
100 _aTainsh, E.C. .
245 0 _aA Study of the Works of Alfred Lord Tennyson: Poet Laureate /
_cE.C. Tainsh.
_hTextual Documents
250 _a1st ed. /
260 _aLondon :
_bMacmillan and co ,
_c1893.
300 _axi, 312p. :
_bill. ;
_c20cm .
504 _aIndex
653 _aEnglish-Poem-Criticism
653 _aEnglish-Poem-Essays
942 _2ddc
_cBK
999 _c9122
_d9122